A multi skills activity book - interactions access

Kaydedildi:
Detaylı Bibliyografya
Materyal Türü: Kitap
Baskı/Yayın Bilgisi: 1997
Etiketler: Etiketle
Etiket eklenmemiş, İlk siz ekleyin!
Thư viện lưu trữ: Mạng thư viện Đại học Đà Nẵng
LEADER 00462nam a22001811a 4500
001 000037627
003 13922
005 20160412020416.0
008 160412s1997 000
082 |a 4A(07)954 
245 |a A multi skills activity book - interactions access  |c Emily Astinthrush 
260 |c 1997 
OWN |a LNN 
999 |a From the UDN01 
TYP |a Monograph 
980 |a Mạng thư viện Đại học Đà Nẵng